Statistics for Football clubs: guess the country III

Click here to take the quiz!

General Stats

  • This quiz has been taken 23 times
  • The average score is 13 of 20

Answer Stats

Football teamCountry% Correct
Vancouver WhitecapsCanada
95%
Greuther FürthGermany
95%
PortoPortugal
95%
PSV EindhovenNetherlands
91%
SochauxFrance
86%
Jeonbuk Hyundai MotorsSouth Korea
86%
St MirrenScotland
82%
Celta VigoSpain
82%
MK DonsEngland
73%
IFK GothenburgSweden
73%
DniproUkraine
73%
Stade Malien BamakoMali
59%
Gornik ZabrzePoland
59%
SV Broki ParamariboSuriname
50%
Angkor TigerCambodia
45%
Red Sea AsmaraEritrea
45%
Tahaddy BenghaziLibya
41%
Abu GhraibIraq
14%
Eastern RailwayIndia
5%
Séquence de DixinnGuinea
0%

Score Distribution

Percentile by Number Answered

Percent of People with Each Score

Your Score History

You have not taken this quiz